| 000 | 00570cam a22002171 4500 | ||
|---|---|---|---|
| 001 | sa 68010752 | ||
| 003 | DLC | ||
| 005 | 20260227112554.0 | ||
| 008 | 941108s1967 ii c 000 0 gujo | ||
| 010 | _asa 68010752 | ||
| 025 | _aPL480:I-Gu-1056 | ||
| 035 | _a(OCoLC)31426101 | ||
| 040 |
_aDLC _cCU _dCU _dDLC |
||
| 050 | 0 | 0 |
_aDS481.P35 _bD45 |
| 100 | 1 |
_aDesai, Ishwarlal Ichharam, _d1903- |
|
| 245 | 1 | 0 | _aĀpaṇā Saradāra. |
| 260 | _c[1967] | ||
| 300 |
_a48 p. _bport. _c19 cm. |
||
| 546 | _aIn Gujarati. | ||
| 600 | 1 | 0 |
_aPatel, Vallabhbhai, _d1875-1950 _xAnecdotes. |
| 999 |
_c83512 _d83512 |
||